000 00813cam a22002534a 4500
001 16242367
003 CEME
005 20210628201602.0
008 100519s2011 flua b 001 0 eng
010 _a 2010018871
020 _a9781420079159 (hardcover : alk. paper)
040 _aDLC
_cDLC
_dDLC
050 0 0 _aTA418.9.C6
_bB37 2011
082 0 0 _a620.1/1892
_222
100 1 _aBarbero, Ever J.
_955909
245 1 0 _aIntroduction to composite materials design /
_cauthor, Ever J. Barbero.
250 _a2nd ed.
260 _aBoca Raton :
_bTaylor & Francis,
_c2011.
300 _axli, 520 p. :
_bill. ;
_c26 cm.
504 _aIncludes bibliographical references and index.
650 0 _aComposite materials
_xMechanical properties.
_940606
650 0 _aManufacturing processes.
_914649
942 _2ddc
_cBK
999 _c566537
_d566537